Nagyszőlőstől Rabatig utazás a határok mentén és egy diplomata múltjában

Bibliographic Details
Main Author: Perényi, János, 1949- (Author)
Format: Book
Language:Hungarian
PhysicalDescription:194 s. fotogr., portr. 24 cm
Published: [Šamorín] Méry ratio 2015
ISBN:9788081600395
Edition:Első kiad.
Subjects:

MARC

LEADER 00000nam a2200000 a 4500
001 vtls010689503
003 SK-MaSNL
005 20260301220425.0
008 240318s2015 xo oc g n 000 0dhun
015 |a SNBA2015/09 
020 |a 9788081600395  |q (viaz.) 
035 |a CCA1570E-5CA4-46B7-B0CE-9990ED46DC22 
035 |a urn:nbn:sk:snk-amkdau 
035 |a urn:nbn:sk:snk-am0089pb 
040 |a SNK  |b slo  |c SNK  |e AACR2 
041 0 |a hun 
043 |a e-hu--- 
044 |a xo  |c SK 
072 7 |a 929  |x Biografie  |2 konspekt 
072 7 |a 341  |x Medzinárodné právo  |2 konspekt 
080 |a 341.71  |2 2001 
080 |a (349)  |2 2001 
080 |a 929.5  |2 2001 
080 |a (092)  |2 2001 
100 1 |a Perényi, János,  |d 1949-  |4 aut  |9 160930 
245 1 0 |a Nagyszőlőstől Rabatig  |b utazás a határok mentén és egy diplomata múltjában  |c János Perényi 
250 |a Első kiad. 
260 |a [Šamorín]  |b Méry ratio  |c 2015 
300 |a 194 s.  |b fotogr., portr.  |c 24 cm 
504 |a Bibliogr.: s. 193-194 
600 1 7 |a Perényi, János,  |d 1949-  |2 SNKMA  |9 160930 
600 3 7 |a Perényi (rodina)  |2 SNKMA  |9 607590 
650 0 7 |a diplomati  |2 SNKPH  |9 2220 
650 0 7 |a Diplomats  |2 SNKPHeng  |9 288721 
650 0 7 |a významné rodiny  |2 SNKPH  |9 182033 
650 0 7 |a Significant families  |2 SNKPHeng  |9 344883 
651 7 |a Maďarsko  |2 SNKPHgeo  |9 16754 
651 7 |a Hungary  |2 SNKPHeng  |9 265263 
655 7 |a biografie  |2 SNKPH  |9 27965 
655 7 |a Biography  |2 SNKPHeng  |9 266314 
919 |a 978-80-8160-039-5 
958 |a HU 
958 |a BC 
958 |a NM 
999 |c 931721  |d 933651 
952 |a SNK  |b SNK  |y PREZ  |7 0  |p 17A1160658  |o snkSC 165271  |i snk2015/20213  |8 0  |0 0  |1 0  |4 0  |d 2015-06-30  |f 1  |l 0  |r 2026-02-24 08:51:36  |w 2026-02-24 
952 |a SNK  |b SNK  |y VYP  |7 0  |p 17A1160659  |o snkSC 165271 D1  |i snk2015/20214  |8 0  |0 0  |1 0  |4 0  |d 2015-06-30  |l 0  |r 2026-02-24 08:51:36  |w 2026-02-24